000 01406cam a22003375i 4500
005 20180803170154.0
008 141204s2014 qucab b i000 0 eng
020 _a9292255398
040 _aDLC
_cDLC
_dDLC
_dCO-BoIAVH
041 0 _aeng
044 _acn
082 0 4 _a577.1076
_bS44g
245 0 0 _aGlobal biodiversity outlook 4 :
_ba mid-term assessment of progress towards the implementation of the strategic plan for biodiversity 2011-2020.
246 3 _aGlobal biodiversity outlook four
246 1 _aGBO-4
260 _aMontreal (Canadá):
_bSecretaria sobre el convenio de la diversidad biológica,
_c2014.
300 _a155 páginas :
_bilustraciones y mapas a color ;
_c28 cm.
500 _a"UNEP; Convenio sobre la diversidad biológica."
504 _aIncluye referencias bibliográficas.
650 6 _aConservación de la diversidad biológica
650 6 _aConservation of biological diversity
650 6 _aDiversidad Biologica
_vConvención
650 6 _aBiodiversity
_vConvention
650 6 _aPlanes de acción en biodiversidad
650 6 _aBiodiversity Action Plans
650 6 _aEvaluación de la biodiversidad
650 6 _aEvaluation of biodiversity
710 2 _aSecretariat of the Convention on Biological Diversity.
710 2 _aUnited Nations Environment Programme.
942 _2ddc
_cLIBRO
999 _c17758
_d17758